000 00316nam a22001337a 4500
008 171020b xxu||||| |||| 00| 0 eng d
020 _a9780026751216
041 _aeng
080 _a338
100 _a54
101 _aMNG
245 _aENTREPRENEURSHIP AND SMALL BUSINESS MANAGEMENT
_cMEYER, E.C
942 _2udc
_cBK
999 _c35167
_d35167